01894agaaa2200325 45000010005000000030009000050050017000140070009000310080040000400400023000800410013001031000058001161300045001742450177002192500022003962600123004183000033005415080029005745110038006035200340006415380016009815460013009976500079010107000076010897000070011657000062012359420012012979990019013099520240013286074IT-RoPAU20220918181252.0d cvaizq50131s9999||||xx ||| | || ||und|| aIT-RoPAUcIT-RoPAU aITALIANO aPesenti AntonellogCodice regista SPICS: 41845949453 aALLA SCOPERTA DEI SEGNI LITURGICI949454 aALLA SCOPERTA DEI SEGNI LITURGICIcProdotto da: Centro Eucaristico A Diretto da: Pesenti AntonellopALLA SCOPERTA DEI SEGNI LITURGICI (Rif. Codice opera principale : C6074) aEdizione Standard aBERGAMO (ITALIA)bCENTRO EUCARISTICO AUDIOVISIVO / Distribuzione: CEAg"1993 (1° ed.: 1993 ; Ed. Lingua Orig.: 1993)" aVHSbsonoro, col.c30 minuti a"Musica: Tramacere G.; " a"Ravasio Giovanna; Ornaghi Luigi" aCATECHESI LITURGICA PER FANCIULLI E RAGAZZI. IL FILMATO ATTRAVERSO IL RACCONTO DI UNA STORIA IN CUI LA PROTAGONISTA E' UNA RAGAZZA SI PROPONE DI INTRODURRE ALLA COMPRENSIONE DEL LINGUAGGIO DEI SEGNI CHE ESPRIMONO LA NOSTRA FEDE PER PROMUOVERE UNA PARTECIPAZIONE PIU' CONSAPEVOLE E AUTENTICA ALLA LITURGIA. DIDATTICO RELIGIOSO A COLORI. aPAL, STEREO aITALIANO aDIDATTICOeTV-PROGRAMMI RELIGIOSI [VHS]xCodice MATERIA SPICS: 9963949455 aDonzelli P. Giancarlo e(soggetto)gCodice Soggetto SPICS: 41846949456 aPesenti Antonello e(regista)gCodice regista SPICS: 41845949457 aTramacere G.e(musica)gCodice Musica SPICS: 41847949458 cVH2ddc c106923d106923 0010406C_6074_00000000000000071aSPICSbSPICSd2015-01-31l0oC6074r2015-01-31 00:00:00w2015-01-31yVHzProgr. Ins.: 395 / N.Vol.:1 / Copie: 1 / Pag.:0 / Copia rara: n.d. / date import: 1.2.2015 / By Epidotti, Trombetti, Vaglietti